00398pam a2200145 a 4500020001500000040000800015082002600023100001900049245004500068260003000113300005400143650001500197700001900212700002100231 a0471824259 cDLC a150 WIL 1988 A001 Or.1 aSpear, Peter D10aPsychology :bperspectives on behavior / aNew York :bWiley,cc1988 axviii, 825, [122] p. :bill. (some col.) ;c27 cm 0aPsychology1 aPenrod, Steven1 aBaker, Timothy B